Sborník přednášek pro sociální pracovníky
| Format: | Book |
|---|---|
| Language: | Undetermined |
| PhysicalDescription: | 239 s. |
| Published: |
Praha
Min. práce a soc. věcí ČSR
1971
|
MARC
| LEADER | 00000nam a2200000 a 4500 | ||
|---|---|---|---|
| 001 | vtls001361514 | ||
| 003 | SK-MaSNL | ||
| 005 | 20260224065035.0 | ||
| 008 | 210928s1971 xx 0 und | ||
| 035 | |a SNK000315093 | ||
| 040 | |a SNK |b slo |c SNK |e AACR2 | ||
| 245 | 1 | |a Sborník přednášek pro sociální pracovníky | |
| 260 | |a Praha |b Min. práce a soc. věcí ČSR |c 1971 | ||
| 300 | |a 239 s. | ||
| 958 | |a OND | ||
| 999 | |c 893293 |d 895223 | ||
| 952 | |t P60, <04>, [BOOK], {604} |a SNK |b SNK |y VYP |7 0 |p 17A0190451 |o snkID 55595 D1 |0 0 |1 1 |4 0 |d 1999-04-23 |l 0 |r 2005-01-02 00:00:00 |w 2026-02-24 | ||


